<?xml version="1.0" encoding="UTF-8"?>
<record
    xmlns:xsi="http://www.w3.org/2001/XMLSchema-instance"
    xsi:schemaLocation="http://www.loc.gov/MARC21/slim http://www.loc.gov/standards/marcxml/schema/MARC21slim.xsd"
    xmlns="http://www.loc.gov/MARC21/slim">

  <leader>00336nam a22001457a 4500</leader>
  <controlfield tag="003">OSt</controlfield>
  <controlfield tag="005">20220407154600.0</controlfield>
  <controlfield tag="008">220407b        |||||||| |||| 00| 0 eng d</controlfield>
  <datafield tag="020" ind1=" " ind2=" ">
    <subfield code="a">0582299799</subfield>
  </datafield>
  <datafield tag="040" ind1=" " ind2=" ">
    <subfield code="c">HU</subfield>
  </datafield>
  <datafield tag="082" ind1=" " ind2=" ">
    <subfield code="a">620.0042</subfield>
  </datafield>
  <datafield tag="100" ind1=" " ind2=" ">
    <subfield code="a">Yarwood</subfield>
    <subfield code="9">35609</subfield>
  </datafield>
  <datafield tag="245" ind1=" " ind2=" ">
    <subfield code="a">An Introduction To Microstation 95</subfield>
  </datafield>
  <datafield tag="942" ind1=" " ind2=" ">
    <subfield code="2">ddc</subfield>
    <subfield code="c">BOOKS</subfield>
    <subfield code="n">0</subfield>
  </datafield>
  <datafield tag="999" ind1=" " ind2=" ">
    <subfield code="c">34569</subfield>
    <subfield code="d">34569</subfield>
  </datafield>
  <datafield tag="952" ind1=" " ind2=" ">
    <subfield code="0">0</subfield>
    <subfield code="1">0</subfield>
    <subfield code="2">ddc</subfield>
    <subfield code="4">0</subfield>
    <subfield code="7">0</subfield>
    <subfield code="a">006</subfield>
    <subfield code="b">006</subfield>
    <subfield code="c">GEN</subfield>
    <subfield code="d">2022-04-07</subfield>
    <subfield code="l">0</subfield>
    <subfield code="o">620.0042/YAR/1996</subfield>
    <subfield code="p">IOTL0018838</subfield>
    <subfield code="r">2022-04-07 00:00:00</subfield>
    <subfield code="t">1</subfield>
    <subfield code="w">2022-04-07</subfield>
    <subfield code="y">BOOKS</subfield>
  </datafield>
  <datafield tag="952" ind1=" " ind2=" ">
    <subfield code="0">0</subfield>
    <subfield code="1">0</subfield>
    <subfield code="2">ddc</subfield>
    <subfield code="4">0</subfield>
    <subfield code="7">0</subfield>
    <subfield code="a">006</subfield>
    <subfield code="b">006</subfield>
    <subfield code="c">GEN</subfield>
    <subfield code="d">2022-04-07</subfield>
    <subfield code="l">0</subfield>
    <subfield code="o">620.0042/YAR/1996</subfield>
    <subfield code="p">IOTL0018839</subfield>
    <subfield code="r">2022-04-07 00:00:00</subfield>
    <subfield code="t">2</subfield>
    <subfield code="w">2022-04-07</subfield>
    <subfield code="y">BOOKS</subfield>
  </datafield>
  <datafield tag="952" ind1=" " ind2=" ">
    <subfield code="0">0</subfield>
    <subfield code="1">0</subfield>
    <subfield code="2">ddc</subfield>
    <subfield code="4">0</subfield>
    <subfield code="7">0</subfield>
    <subfield code="a">006</subfield>
    <subfield code="b">006</subfield>
    <subfield code="c">GEN</subfield>
    <subfield code="d">2022-04-07</subfield>
    <subfield code="l">0</subfield>
    <subfield code="o">620.0042/YAR/1996</subfield>
    <subfield code="p">IOTL0018840</subfield>
    <subfield code="r">2022-04-07 00:00:00</subfield>
    <subfield code="t">3</subfield>
    <subfield code="w">2022-04-07</subfield>
    <subfield code="y">BOOKS</subfield>
  </datafield>
  <datafield tag="952" ind1=" " ind2=" ">
    <subfield code="0">0</subfield>
    <subfield code="1">0</subfield>
    <subfield code="2">ddc</subfield>
    <subfield code="4">0</subfield>
    <subfield code="7">0</subfield>
    <subfield code="a">006</subfield>
    <subfield code="b">006</subfield>
    <subfield code="c">GEN</subfield>
    <subfield code="d">2022-04-07</subfield>
    <subfield code="l">0</subfield>
    <subfield code="o">620.0042/YAR/1996</subfield>
    <subfield code="p">IOTL0018841</subfield>
    <subfield code="r">2022-04-07 00:00:00</subfield>
    <subfield code="t">4</subfield>
    <subfield code="w">2022-04-07</subfield>
    <subfield code="y">BOOKS</subfield>
  </datafield>
  <datafield tag="952" ind1=" " ind2=" ">
    <subfield code="0">0</subfield>
    <subfield code="1">0</subfield>
    <subfield code="2">ddc</subfield>
    <subfield code="4">0</subfield>
    <subfield code="7">0</subfield>
    <subfield code="a">006</subfield>
    <subfield code="b">006</subfield>
    <subfield code="c">GEN</subfield>
    <subfield code="d">2022-04-07</subfield>
    <subfield code="l">0</subfield>
    <subfield code="o">620.0042/YAR/1996</subfield>
    <subfield code="p">IOTL0019307</subfield>
    <subfield code="r">2022-04-07 00:00:00</subfield>
    <subfield code="t">5</subfield>
    <subfield code="w">2022-04-07</subfield>
    <subfield code="y">BOOKS</subfield>
  </datafield>
  <datafield tag="952" ind1=" " ind2=" ">
    <subfield code="0">0</subfield>
    <subfield code="1">0</subfield>
    <subfield code="2">ddc</subfield>
    <subfield code="4">0</subfield>
    <subfield code="7">0</subfield>
    <subfield code="a">006</subfield>
    <subfield code="b">006</subfield>
    <subfield code="c">GEN</subfield>
    <subfield code="d">2022-04-07</subfield>
    <subfield code="l">0</subfield>
    <subfield code="o">620.0042/YAR/1996</subfield>
    <subfield code="p">IOTL0019706</subfield>
    <subfield code="r">2022-04-07 00:00:00</subfield>
    <subfield code="t">6</subfield>
    <subfield code="w">2022-04-07</subfield>
    <subfield code="y">BOOKS</subfield>
  </datafield>
  <datafield tag="952" ind1=" " ind2=" ">
    <subfield code="0">0</subfield>
    <subfield code="1">0</subfield>
    <subfield code="2">ddc</subfield>
    <subfield code="4">0</subfield>
    <subfield code="7">0</subfield>
    <subfield code="a">006</subfield>
    <subfield code="b">006</subfield>
    <subfield code="c">GEN</subfield>
    <subfield code="d">2022-04-07</subfield>
    <subfield code="l">0</subfield>
    <subfield code="o">620.0042/YAR/1996</subfield>
    <subfield code="p">IOTL0019707</subfield>
    <subfield code="r">2022-04-07 00:00:00</subfield>
    <subfield code="t">7</subfield>
    <subfield code="w">2022-04-07</subfield>
    <subfield code="y">BOOKS</subfield>
  </datafield>
  <datafield tag="952" ind1=" " ind2=" ">
    <subfield code="0">0</subfield>
    <subfield code="1">0</subfield>
    <subfield code="2">ddc</subfield>
    <subfield code="4">0</subfield>
    <subfield code="7">0</subfield>
    <subfield code="a">006</subfield>
    <subfield code="b">006</subfield>
    <subfield code="c">GEN</subfield>
    <subfield code="d">2022-04-07</subfield>
    <subfield code="l">0</subfield>
    <subfield code="o">620.0042/YAR/1996</subfield>
    <subfield code="p">IOTL0019708</subfield>
    <subfield code="r">2022-04-07 00:00:00</subfield>
    <subfield code="t">8</subfield>
    <subfield code="w">2022-04-07</subfield>
    <subfield code="y">BOOKS</subfield>
  </datafield>
  <datafield tag="952" ind1=" " ind2=" ">
    <subfield code="0">0</subfield>
    <subfield code="1">0</subfield>
    <subfield code="2">ddc</subfield>
    <subfield code="4">0</subfield>
    <subfield code="7">0</subfield>
    <subfield code="a">006</subfield>
    <subfield code="b">006</subfield>
    <subfield code="c">GEN</subfield>
    <subfield code="d">2022-04-08</subfield>
    <subfield code="l">0</subfield>
    <subfield code="o">620.0042/YAR/1996	I</subfield>
    <subfield code="p">IOTL0019711</subfield>
    <subfield code="r">2022-04-08 00:00:00</subfield>
    <subfield code="t">9</subfield>
    <subfield code="w">2022-04-08</subfield>
    <subfield code="y">BOOKS</subfield>
  </datafield>
  <datafield tag="952" ind1=" " ind2=" ">
    <subfield code="0">0</subfield>
    <subfield code="1">0</subfield>
    <subfield code="2">ddc</subfield>
    <subfield code="4">0</subfield>
    <subfield code="7">0</subfield>
    <subfield code="a">006</subfield>
    <subfield code="b">006</subfield>
    <subfield code="c">GEN</subfield>
    <subfield code="d">2022-04-11</subfield>
    <subfield code="l">0</subfield>
    <subfield code="o">620.0042/YAR/1996</subfield>
    <subfield code="p">IOTL0021097</subfield>
    <subfield code="r">2022-04-11 00:00:00</subfield>
    <subfield code="t">10</subfield>
    <subfield code="w">2022-04-11</subfield>
    <subfield code="y">BOOKS</subfield>
  </datafield>
</record>
